000 00585nam a2200181Ia 4500
008 100917s9999 xx 000 0 und d
082 _b10495
100 _aकानिटकर माधव - संपा.
245 _aबीज ज्ञानेश्वरी
260 _bप्रपंच प्रकाशन
_c1972
300 _a187
365 _b7.5
520 _aअध्यात्म
630 _aबीज ज्ञानेश्वरी
650 _aअध्यात्म
730 _aबीज ज्ञानेश्वरी
942 _cBOOK
999 _c615889
_d615886